[Event "Sabadell op 11th"]
[Site "Sabadell"]
[Date "2017.??.??"]
[Round "4.5"]
[White "Torralba Brosa, Marc"]
[Black "Torras Chicon, Adria"]
[Result "0-1"]
[WhiteElo "1893"]
[BlackElo "1803"]
[PlyCount "50"]
[EventDate "2017.02.03"]
[EventType "swiss"]
[EventRounds "9"]
[EventCountry "ESP"]
[SourceTitle "EXT 2024"]
[Source "ChessBase"]
[SourceDate "2023.10.10"]
[SourceVersion "1"]
[SourceVersionDate "2023.10.10"]
[SourceQuality "1"]

1. e4 e5 2. f4 Bc5 3. Qh5 Nc6 4. fxe5 d6 5. exd6 Qxd6 6. Nc3 Nf6 7. Qh4 Nb4 8. Nf3 Nxc2+ 9. Kd1 Ne3+ 10. Ke1 Neg4 11. d4 Bxd4 12. Nb5 Qb4+ 13. Bd2 Qxb2 14. Nxc7+ Kf8 15. Rd1 Bf2+ 16. Qxf2 Nxf2 17. Kxf2 Qb6+ 18. Ke1 Qxc7 19. Bb4+ Ke8 20. e5 Qb6 21. a3 Qe3+ 22. Be2 Ne4 23. Rd3 Qf2+ 24. Kd1 Bg4 25. Rd4 Bxf3 0-1

[Event "Sabadell op 11th"]
[Site "Sabadell"]
[Date "2017.??.??"]
[Round "6.1"]
[White "Torras Chicon, Adria"]
[Black "Campos Cayuelas, Adria"]
[Result "0-1"]
[WhiteElo "1803"]
[BlackElo "2015"]
[PlyCount "54"]
[EventDate "2017.02.03"]
[EventType "swiss"]
[EventRounds "9"]
[EventCountry "ESP"]
[SourceTitle "EXT 2024"]
[Source "ChessBase"]
[SourceDate "2023.10.10"]
[SourceVersion "1"]
[SourceVersionDate "2023.10.10"]
[SourceQuality "1"]

1. d4 Nf6 2. c4 g6 3. Nc3 Bg7 4. g3 0-0 5. Bg2 d6 6. Nf3 Nc6 7. 0-0 a6 8. h3 Rb8 9. Be3 b5 10. d5 Na5 11. Nd4 c5 12. dxc6 Nxc4 13. Qc1 Qb6 14. Rd1 Nxe3 15. Qxe3 Be6 16. Qd2 Rbc8 17. Rac1 h5 18. Nxe6 fxe6 19. e4 Nh7 20. Rf1 Rxc6 21. e5 Rc4 22. exd6 exd6 23. Ne4 d5 24. Ng5 Rxc1 25. Rxc1 Nxg5 26. Qxg5 Qxf2+ 27. Kh2 Qxb2 0-1

[Event "Barcelona Sant Marti op-B 16th"]
[Site "Barcelona"]
[Date "2014.07.15"]
[Round "3"]
[White "Torras Chicon, Adria"]
[Black "Garcia Espelta, Josep"]
[Result "1-0"]
[WhiteElo "1996"]
[BlackElo "2072"]
[PlyCount "113"]
[EventDate "2014.07.13"]
[EventType "swiss"]
[EventRounds "9"]
[EventCountry "ESP"]
[SourceTitle "CBM 161 Extra"]
[Source "ChessBase"]
[SourceDate "2014.08.29"]
[SourceVersion "1"]
[SourceVersionDate "2014.08.29"]
[SourceQuality "1"]

1. e4 c5 2. Nf3 e6 3. d4 cxd4 4. Nxd4 Nc6 5. Nb5 d6 6. c4 a6 7. Nd4 Nf6 8. Nc3 Be7 9. Be3 0-0 10. Be2 Qc7 11. 0-0 Ne5 12. Rc1 b6 13. f4 Ned7 14. Bf3 Bb7 15. Qd3 Rac8 16. b3 Qb8 17. Rfd1 Qa8 18. b4 Rc7 19. Nb3 Rfc8 20. Nd2 a5 21. Nb5 Rc6 22. e5 dxe5 23. Bxc6 Bxc6 24. Qe2 exf4 25. Bxf4 Bxb4 26. Nf3 Ne4 27. Nfd4 Bc5 28. Kf1 e5 29. Nxc6 Qxc6 30. Na7 Qb7 31. Nxc8 exf4 32. Rd5 Qxc8 33. Qxe4 Nf6 34. Qxf4 Nxd5 35. cxd5 h6 36. d6 Qc6 37. Rd1 Qb5+ 38. Ke1 Bb4+ 39. Kf2 Bc5+ 40. Kg3 Qd7 41. Qe5 Kf8 42. Qd5 Kg8 43. Kf3 g6 44. h3 Kf8 45. Ke4 Kg7 46. Qe5+ f6 47. Qd5 Qa4+ 48. Kf3 Qd7 49. g4 g5 50. Qf5 Qc6+ 51. Qd5 Qd7 52. Ke4 Qa4+ 53. Kf5 Qd7+ 54. Qe6 Qa4 55. Qe7+ Kg8 56. Kg6 Qc2+ 57. Kxh6 1-0

[Event "Barcelona Sant Marti op-B 15th"]
[Site "Barcelona"]
[Date "2013.07.18"]
[Round "6"]
[White "Boixader Arbo, Xavier"]
[Black "Torras Chicon, Adria"]
[Result "0-1"]
[WhiteElo "1546"]
[BlackElo "1753"]
[PlyCount "132"]
[EventDate "2013.07.13"]
[EventType "swiss"]
[EventRounds "9"]
[EventCountry "ESP"]
[SourceTitle "CBM 155 Extra"]
[Source "ChessBase"]
[SourceDate "2013.08.26"]
[SourceVersion "1"]
[SourceVersionDate "2013.08.26"]
[SourceQuality "1"]

1. e4 c5 2. c3 d5 3. exd5 Qxd5 4. d4 Nf6 5. Be3 Ng4 6. c4 Nxe3 7. fxe3 Qe4 8. Qf3 Qxf3 9. Nxf3 g6 10. Nc3 Bg7 11. Rd1 Nc6 12. h3 0-0 13. a3 Rd8 14. Ne2 Bf5 15. Rd2 Be4 16. d5 Bxf3 17. gxf3 Ne5 18. Rc2 Nxf3+ 19. Kf2 Ne5 20. Nf4 Rd6 21. Nd3 Nxd3+ 22. Bxd3 Rb6 23. Rb1 Rb3 24. Bf1 Rd8 25. Bg2 Rd6 26. Bf3 Rdb6 27. Ke2 Rxa3 28. bxa3 Rxb1 29. Ra2 Be5 30. Be4 Rg1 31. Kf2 Rc1 32. Bd3 Rc3 33. Ke2 Rc1 34. Kf2 Kg7 35. a4 Ra1 36. Rxa1 Bxa1 37. Kf3 Kf6 38. e4 Ke5 39. Ke3 Bb2 40. Bc2 Bc1+ 41. Kd3 Kf4 42. Bd1 Kg3 43. Bg4 h5 44. Bc8 g5 45. Ke2 Kf4 46. Kd3 g4 47. hxg4 h4 48. g5 Kg3 49. e5 Bxg5 50. Bxb7 h3 51. d6 exd6 52. exd6 Kf2 53. Ke4 h2 54. Ke5 Kg1 55. Be4 h1Q 56. Bxh1 Kxh1 57. Kd5 Kg2 58. Kxc5 f5 59. Kb5 f4 60. c5 f3 61. c6 f2 62. c7 f1Q+ 63. Kc6 Qf5 64. Kb7 Qd7 65. Kxa7 Bf4 66. Kb8 Bxd6 0-1

[Event "Barcelona Sant Marti op-B 15th"]
[Site "Barcelona"]
[Date "2013.07.15"]
[Round "3"]
[White "Torras Chicon, Adria"]
[Black "Carballo Cancela, Manuel"]
[Result "1/2-1/2"]
[WhiteElo "1753"]
[BlackElo "1850"]
[PlyCount "73"]
[EventDate "2013.07.13"]
[EventType "swiss"]
[EventRounds "9"]
[EventCountry "ESP"]
[SourceTitle "CBM 155 Extra"]
[Source "ChessBase"]
[SourceDate "2013.08.26"]
[SourceVersion "1"]
[SourceVersionDate "2013.08.26"]
[SourceQuality "1"]

1. d4 Na6 2. e4 c6 3. Nf3 Nc7 4. c4 d6 5. Nc3 g6 6. Be2 Bg7 7. Be3 Bg4 8. 0-0 Nf6 9. Qd2 0-0 10. h3 Bxf3 11. Bxf3 Re8 12. Rad1 Nd7 13. Be2 Rb8 14. f4 b6 15. f5 c5 16. fxg6 hxg6 17. Rf2 cxd4 18. Bxd4 Bxd4 19. Qxd4 Ne6 20. Qd2 Kg7 21. Bg4 Ne5 22. Bxe6 fxe6 23. Rdf1 Qc7 24. b3 Rf8 25. Ne2 Qc5 26. Nd4 Rxf2 27. Rxf2 Qc8 28. Qg5 Qd7 29. Qf4 Rg8 30. h4 Kh7 31. Qg5 a6 32. h5 b5 33. Rf4 Qa7 34. hxg6+ Rxg6 35. Qh4+ Kg7 36. Qf2 Qc5 37. cxb5 1/2-1/2

[Event "Llinars del Valles op-B 6th"]
[Site "Llinars del Valles"]
[Date "2012.04.14"]
[Round "1"]
[White "Torras Chicon, Adria"]
[Black "Salleras Mercader, Josep M"]
[Result "1-0"]
[WhiteElo "1763"]
[BlackElo "1462"]
[PlyCount "41"]
[EventDate "2012.04.14"]
[EventType "swiss"]
[EventRounds "9"]
[EventCountry "ESP"]
[SourceTitle "EXT 2013"]
[Source "ChessBase"]
[SourceDate "2012.11.22"]
[SourceVersion "1"]
[SourceVersionDate "2012.11.22"]
[SourceQuality "1"]

1. d4 d5 2. Nf3 e6 3. e3 c5 4. c3 Nf6 5. Bd3 Be7 6. Nbd2 c4 7. Bc2 Nc6 8. 0-0 0-0 9. e4 Re8 10. Re1 g6 11. e5 Nh5 12. Nf1 b5 13. Bh6 Bf8 14. Qd2 Kh8 15. g4 Ng7 16. Ng3 f6 17. h4 f5 18. gxf5 Nxf5 19. Bg5 Be7 20. Bxf5 Bxg5 21. Nxg5 1-0

[Event "Mollet del Valles 80 Anniv op-B"]
[Site "Mollet del Valles"]
[Date "2011.12.11"]
[Round "8.4"]
[White "Porta Tovar, Guillem"]
[Black "Torras Chicon, Adria"]
[Result "0-1"]
[WhiteElo "1734"]
[BlackElo "1713"]
[PlyCount "122"]
[EventDate "2011.12.04"]
[EventType "swiss"]
[EventRounds "8"]
[EventCountry "ESP"]
[SourceTitle "EXT 2024"]
[Source "ChessBase"]
[SourceDate "2023.10.10"]
[SourceVersion "1"]
[SourceVersionDate "2023.10.10"]
[SourceQuality "1"]

1. e4 c5 2. Nf3 d6 3. d4 cxd4 4. Nxd4 Nf6 5. Nc3 g6 6. Be3 Bg7 7. Be2 0-0 8. 0-0 Nc6 9. Qd2 Ng4 10. Nxc6 bxc6 11. Bxg4 Bxg4 12. Bh6 Bxh6 13. Qxh6 Rb8 14. h3 Be6 15. b3 Qa5 16. Ne2 Rb5 17. c4 Re5 18. Ng3 f5 19. f4 Qb6+ 20. Kh1 Ra5 21. Nxf5 Bxf5 22. exf5 Raxf5 23. g4 R5f7 24. Rf3 Qd4 25. Raf1 Qd2 26. R1f2 Qc1+ 27. Kg2 e5 28. Rf1 Qc2+ 29. Kg3 e4 30. R3f2 Qc3+ 31. Kg2 e3 32. Re2 Qd4 33. Kg3 d5 34. cxd5 cxd5 35. Rf3 Re8 36. Qg5 Qd3 37. Re1 d4 38. Qa5 Qc2 39. Qb4 Qe4 40. Qc4 Kg7 41. Qe2 Rfe7 42. Qb2 Kg8 43. Re2 Qd3 44. b4 Rc7 45. Kg2 Rec8 46. Kg3 Rc2 47. Rxc2 Rxc2 48. Qa1 Qd2 49. Qg1 Qh2+ 50. Qxh2 Rxh2 51. Kxh2 e2 52. Ra3 e1Q 53. Rxa7 Qxb4 54. Ra8+ Kf7 55. Ra7+ Kf6 56. Ra6+ Ke7 57. Ra7+ Kd6 58. Ra6+ Kc5 59. Ra8 d3 60. Rc8+ Kd4 61. Rd8+ Ke3 0-1

[Event "Cerdanyola del Valles op-A 29th"]
[Site "Cerdanyola del Valles"]
[Date "2011.10.15"]
[Round "3"]
[White "Ruiz Mata, Oscar"]
[Black "Torras Chicon, Adria"]
[Result "1-0"]
[WhiteElo "2308"]
[BlackElo "1713"]
[PlyCount "81"]
[EventDate "2011.10.01"]
[EventType "swiss"]
[EventRounds "8"]
[EventCountry "ESP"]
[SourceTitle "EXT 2013"]
[Source "ChessBase"]
[SourceDate "2012.11.22"]
[SourceVersion "1"]
[SourceVersionDate "2012.11.22"]
[SourceQuality "1"]

1. d4 Nf6 2. c4 g6 3. Nc3 d5 4. cxd5 Nxd5 5. e4 Nxc3 6. bxc3 Bg7 7. Be3 c5 8. Qd2 Qa5 9. Rc1 cxd4 10. cxd4 Qxd2+ 11. Bxd2 0-0 12. Nf3 Nc6 13. d5 Ne5 14. Nxe5 Bxe5 15. f4 Bd4 16. Bd3 Bd7 17. Rc7 Rfd8 18. h3 b5 19. Ke2 Bb6 20. Rc2 Rdc8 21. Rxc8+ Rxc8 22. Rb1 Kg7 23. Kd1 h5 24. Bxb5 Bxb5 25. Rxb5 Kf6 26. g4 hxg4 27. hxg4 g5 28. e5+ Kg7 29. f5 f6 30. d6 exd6 31. exd6 Rd8 32. Rd5 Rd7 33. Ke2 Kf7 34. Bc3 a5 35. a4 Bd8 36. Kd3 Be7 37. Bxa5 Rxd6 38. Rxd6 Bxd6 39. Bb6 Ke7 40. Kc4 Bb8 41. Kd5 1-0

[Event "Mollet del Valles op 2nd"]
[Site "Mollet del Valles"]
[Date "2011.06.18"]
[Round "8"]
[White "Canovas Pardo, Jordi"]
[Black "Torras Chicon, Adria"]
[Result "1-0"]
[WhiteElo "1765"]
[BlackElo "1681"]
[PlyCount "65"]
[EventDate "2011.04.30"]
[EventType "swiss"]
[EventRounds "8"]
[EventCountry "ESP"]
[SourceTitle "EXT 2024"]
[Source "ChessBase"]
[SourceDate "2023.10.10"]
[SourceVersion "1"]
[SourceVersionDate "2023.10.10"]
[SourceQuality "1"]

1. f4 d5 2. Nf3 Nf6 3. e3 Bg4 4. Be2 e6 5. b3 Nbd7 6. 0-0 Bc5 7. Bb2 0-0 8. Nc3 c6 9. Na4 Bd6 10. c4 Re8 11. Ne5 Bxe2 12. Qxe2 Rb8 13. Rf3 b5 14. Nxc6 Qc7 15. Nxb8 bxa4 16. Nxd7 Nxd7 17. cxd5 Qc2 18. Bc3 exd5 19. Qb5 Qf5 20. Qxa4 Bc5 21. Raf1 Re4 22. Qc6 h6 23. Kh1 Bb6 24. Rg3 f6 25. Rc1 Kh7 26. Qb5 Qe6 27. Ba5 d4 28. Bxb6 axb6 29. Rc7 Rxf4 30. Kg1 Qe4 31. Rc1 Rf5 32. Qxd7 Rg5 33. Rxg5 1-0

[Event "Mollet del Valles op 2nd"]
[Site "Mollet del Valles"]
[Date "2011.06.11"]
[Round "7"]
[White "Torras Chicon, Adria"]
[Black "Vigier Lopez, Carlos"]
[Result "1-0"]
[WhiteElo "1681"]
[BlackElo "1709"]
[PlyCount "101"]
[EventDate "2011.04.30"]
[EventType "swiss"]
[EventRounds "8"]
[EventCountry "ESP"]
[SourceTitle "EXT 2024"]
[Source "ChessBase"]
[SourceDate "2023.10.10"]
[SourceVersion "1"]
[SourceVersionDate "2023.10.10"]
[SourceQuality "1"]

1. Nf3 Nf6 2. c4 g6 3. Nc3 Bg7 4. d4 0-0 5. e4 d6 6. Be2 Nfd7 7. 0-0 e5 8. Bg5 f6 9. Be3 f5 10. exf5 gxf5 11. Bg5 Bf6 12. Bxf6 Rxf6 13. dxe5 dxe5 14. Qd5+ Kh8 15. Nxe5 Qe7 16. Nxd7 Nxd7 17. Bf3 c6 18. Qd2 Ne5 19. Qf4 Nxf3+ 20. Qxf3 Be6 21. Rfe1 Rg8 22. Re2 Qf7 23. Rae1 Rfg6 24. g3 f4 25. Qe4 fxg3 26. Qe5+ Qf6 27. Qxf6+ Rxf6 28. hxg3 Bxc4 29. Re8 Rxe8 30. Rxe8+ Kg7 31. Re7+ Rf7 32. Rxf7+ Kxf7 33. f4 Ke6 34. g4 b5 35. b4 Bd3 36. a3 Kd6 37. Kf2 c5 38. Ke3 c4 39. Nxb5+ Kc6 40. Nxa7+ Kb6 41. Nc8+ Kb5 42. Nd6+ Ka4 43. b5 Ka5 44. Kd4 Be2 45. g5 Kb6 46. a4 Ka5 47. Nxc4+ Kxa4 48. Kc5 Bf3 49. f5 Bg4 50. f6 Be6 51. b6 1-0

[Event "Barcelona Primavera La Lira op 4th"]
[Site "Barcelona"]
[Date "2011.05.05"]
[Round "5"]
[White "Martinez Hernandez, Emili"]
[Black "Torras Chicon, Adria"]
[Result "1/2-1/2"]
[WhiteElo "1807"]
[BlackElo "1681"]
[PlyCount "123"]
[EventDate "2011.03.31"]
[EventType "swiss"]
[EventRounds "9"]
[EventCountry "ESP"]
[SourceTitle "EXT 2012"]
[Source "ChessBase"]
[SourceDate "2011.11.24"]
[SourceVersion "1"]
[SourceVersionDate "2011.11.24"]
[SourceQuality "1"]

1. c4 e5 2. Nc3 Nf6 3. e3 d5 4. cxd5 Nxd5 5. Qa4+ c6 6. Qe4 f6 7. f4 Nxc3 8. bxc3 Qd5 9. Qxd5 cxd5 10. fxe5 fxe5 11. Bb5+ Nc6 12. Nf3 Bd6 13. d4 e4 14. Ne5 Bxe5 15. dxe5 0-0 16. Bxc6 bxc6 17. Ba3 Rf5 18. Rf1 Rxf1+ 19. Kxf1 Ba6+ 20. Kf2 Rb8 21. Kg3 Kf7 22. Rd1 Ke6 23. Bd6 Rb2 24. a3 Rc2 25. Bc5 Rxc3 26. Bxa7 Rxa3 27. Bd4 Bc4 28. Rb1 Bb5 29. Rb2 Ra4 30. Rc2 Rc4 31. Rxc4 Bxc4 32. Kf4 Bf1 33. g3 Bh3 34. g4 h6 35. Kg3 Bf1 36. h4 g5 37. h5 Be2 38. Bc5 Kxe5 39. Bf8 Kf6 40. Bxh6 c5 41. Bf8 d4 42. Bxc5 d3 43. Bd4+ Kf7 44. Bc3 Bd1 45. Ba5 Kg7 46. Bc3+ Kh6 47. Bb4 Bb3 48. Bf8+ Kh7 49. Bb4 Bg8 50. Kf2 Kg7 51. Bc3+ Kf8 52. Bf6 Be6 53. h6 Kg8 54. Ke1 Bxg4 55. Bxg5 Bf5 56. Kd2 Kh7 57. Kc3 Kg6 58. Bf4 Kh5 59. Kd2 Kg4 60. Kc3 Kf3 61. Kd2 Kf2 62. Bg5 1/2-1/2